| 000 | 00771nam a2200205 a 4500 | ||
|---|---|---|---|
| 003 | AM-YEHGA | ||
| 040 | _aAM-YeHGA | ||
| 942 |
_2udc _cBK |
||
| 090 | _c90743 | ||
| 001 | 000249985 | ||
| 005 | 20250618071657.0 | ||
| 008 | 030724s1925 ai r 000 0 arm d | ||
| 041 | 0 | _aarm | |
| 245 | 1 | 0 |
_aՊարզ զրույցներ եկոնոմիկայի մասին / _cՎլ. Սարաբյանով; Հայաստանի Սոցիալիստ. Խորհրդ. Հանրապետություն. |
| 260 |
_aԼենինական : _bՊետհրատ, _c1925. |
||
| 300 | _a171 էջ. | ||
| 440 | 0 |
_aԿոմյերիտական գրադարան _94593 |
|
| 650 | 1 | 4 | _aԷկոնոմիկա |
| 710 | 2 |
_aՀայաստանի Սոցիալիստական Խորհրդային Հանրապետություն _94724 |
|
| 999 |
_c89455 _d89455 |
||